LDR 01453nam a2200349 i 4500 001 000000232787 003 CaOOAMICUS 005 20260508095536.0 008 140904s2008 it u000 u ita u 013 $a211690 020 $a978-88-308-0943-7 040 $aSeMil$bita 100 0 $aBenedictus XVI,$c
.$0(OLS)http://semarc/name/298 245 10$aEscatologia :$bmorte e vita eterna /$cJoseph Ratzinger, Benedetto 16. ; edizione rinnovata e ampliata a cura di Sergio Ubbiali. 260 $aAssisi :$bCittadella,$c2008. 300 $a299 p. ;$c21 cm. 490 0 $aTeologia/Saggi 650 4$aNovissimi - Escatologia.$0(OLS)http://semarc/subject/1624 650 4$aEscatologia.$0(OLS)http://semarc/subject/3523 700 1 $aUbbiali, Sergio Battista,$c
.$0(OLS)http://semarc/name/4688 830 0$aTeologia/Saggi.$0(OLS)http://semarc/title/8743 850 $aSeMil 852 $aSeMil$W1$xVenegono$y1$m2A V 381$j271572$B183133$CSeMilBibl$Z2$F194708 $81 900 1 $aRatzinger, Joseph,$d<1927-2022>. 900 0 $aBenedetto XVI$c
. 961 $aLascito: Serenthà don Mario 996 $6020$a978-88-308-0943-7$9(OLS)http://semarc/number/236504 996 $6245$aEscatologia :$bmorte e vita eterna$9(OLS)http://semarc/title/65576 996 $6260$aAssisi :$bCittadella$9(OLS)http://semarc/publisher/29661